| 000 | 00826cab a22001935a 4500 | ||
|---|---|---|---|
| 001 | L153107 | ||
| 008 | 110608e2011 xxk 000 0 eng d | ||
| 035 | _a(Sirsi) u153107 | ||
| 041 | 0 | _aeng | |
| 110 | 2 |
_aEuroProperty _91216 |
|
| 245 | 0 | 4 | _aThe dimensions of risk |
| 260 | _c2011 | ||
| 490 | 0 |
_aEuroProperty _v6 June 2011, 7(1) |
|
| 520 | _aReports on the assessment by experts at the recent IPD Amsterdam conference of the sources of investment risk as recovery gathers pace. They generally struggled to quantify the risks. Table covers the risks at portfolio level and charts show that pan-European funds are following similar diversification to direct funds to spread risks. | ||
| 590 | _aKA | ||
| 651 | 4 | _aEurope | |
| 690 | _aPROPERTY-COMMERCIAL PROPERTY-COMMERCIAL PROPERTY FINANCE AND INVESTMENT | ||
| 942 | _n0 | ||
| 999 |
_c83189 _d83189 |
||